Jääkiekon MM-kisojen mitalistit 1920-2025 - Statistics

Yleistilastot
  • Tätä visaa on pelattu 588 kertaa
    258 viimeisimmän päivityksen jälkeen
  • Keskiarvotulos 234 / 264
Vastaustilastot
Vuosi Maa % Oikein
1920 | 1924 | 1930 | +19 others Yhdysvallat
100%
1920 | 1924 | 1928 | +50 others Kanada
99%
1928 | 1947 | 1951 | +46 others Ruotsi
99%
1992 | 1994 | 1995 | +13 others Suomi
99%
1993 | 2002 | 2005 | +10 others Venäjä
96%
1993 | 1996 | 1997 | +11 others Tšekki
90%
1932 | 1934 | 2023 Saksa
89%
1954 | 1955 | 1956 | +31 others Neuvostoliitto
86%
2000 | 2002 | 2003 | 2012 Slovakia
84%
1928 | 1930 | 1935 | +10 others Sveitsi
82%
2023 Latvia
71%
1920 | 1933 | 1938 | +30 others Tšekkoslovakia
66%
1979 Tšekkoslovakia
62%
1931 | 1947 Itävalta
44%
1953 Länsi-Saksa
25%
1924 | 1935 | 1936 | +2 others Britannia
15%
Ehtoja vastaavia visoja ei löytynyt
Tulosjakauma
Jokaisen tuloksen saaneiden osuus
Persentiili vastausten määrän mukaan
Tuloshistoriasi
Et ole pelannut tätä visaa sen viimeisimmän päivityksen jälkeen